5HLuxD.jpg

KING HENRY VIII SENIOR AND PRIMARY SCHOOL LIBRARY OPAC

The dip : (Record no. 619)

000 -LEADER
fixed length control field 01529cam a2200361 a 4500
001 - CONTROL NUMBER
control field 14616405
003 - CONTROL NUMBER IDENTIFIER
control field OSt
005 - DATE AND TIME OF LATEST TRANSACTION
control field 20190904122126.0
008 - FIXED-LENGTH DATA ELEMENTS--GENERAL INFORMATION
fixed length control field 061030s2007 nyua b 001 0 eng
010 ## - LIBRARY OF CONGRESS CONTROL NUMBER
LC control number 2006036366
020 ## - INTERNATIONAL STANDARD BOOK NUMBER
International Standard Book Number 9781591841661
Qualifying information (alk. paper)
020 ## - INTERNATIONAL STANDARD BOOK NUMBER
International Standard Book Number 1591841666
Qualifying information (alk. paper)
035 ## - SYSTEM CONTROL NUMBER
System control number (OCoLC)ocm74965109
035 ## - SYSTEM CONTROL NUMBER
System control number (OCoLC)74965109
040 ## - CATALOGING SOURCE
Original cataloging agency DLC
Transcribing agency DLC
Modifying agency DLC
082 00 - DEWEY DECIMAL CLASSIFICATION NUMBER
Classification number 158 GOD
Edition number 22
100 1# - MAIN ENTRY--PERSONAL NAME
Personal name Godin, Seth.
Relator term author
245 14 - TITLE STATEMENT
Title The dip :
Remainder of title a little book that teaches you when to quit (and when to stick) /
Statement of responsibility, etc. Seth Godin ; illustrated by Hugh Macleod.
260 ## - PUBLICATION, DISTRIBUTION, ETC.
Place of publication, distribution, etc. New York :
Name of publisher, distributor, etc. Portfolio,
Date of publication, distribution, etc. 2007.
300 ## - PHYSICAL DESCRIPTION
Extent 80 p. :
Other physical details ill. ;
Dimensions 19 cm.
504 ## - BIBLIOGRAPHY, ETC. NOTE
Bibliography, etc. note Includes bibliographical references and index.
520 ## - SUMMARY, ETC.
Summary, etc. Describes when to support and when to fight corporate systems, explaining how to recognize and drop defunct practices to protect profits, job security, and professional satisfaction.
650 #0 - SUBJECT ADDED ENTRY--TOPICAL TERM
Topical term or geographic name entry element Self-actualization (Psychology)
650 #0 - SUBJECT ADDED ENTRY--TOPICAL TERM
Topical term or geographic name entry element Success.
650 #0 - SUBJECT ADDED ENTRY--TOPICAL TERM
Topical term or geographic name entry element Success in business.
650 #0 - SUBJECT ADDED ENTRY--TOPICAL TERM
Topical term or geographic name entry element Persistence.
700 ## - ADDED ENTRY--PERSONAL NAME
Personal name Macleod, Hugh
Relator term Illustrator
856 42 - ELECTRONIC LOCATION AND ACCESS
Materials specified Publisher description
Uniform Resource Identifier <a href="http://www.loc.gov/catdir/enhancements/fy0742/2006036366-d.html">http://www.loc.gov/catdir/enhancements/fy0742/2006036366-d.html</a>
856 42 - ELECTRONIC LOCATION AND ACCESS
Materials specified Contributor biographical information
Uniform Resource Identifier <a href="http://www.loc.gov/catdir/enhancements/fy0742/2006036366-b.html">http://www.loc.gov/catdir/enhancements/fy0742/2006036366-b.html</a>
906 ## - LOCAL DATA ELEMENT F, LDF (RLIN)
a 7
b cbc
c orignew
d 1
e ecip
f 20
g y-gencatlg
942 ## - ADDED ENTRY ELEMENTS (KOHA)
Source of classification or shelving scheme
Koha item type Books - Non Ficton
Holdings
Withdrawn status Lost status Source of classification or shelving scheme Damaged status Not for loan Collection code Permanent Location Current Location Shelving location Date acquired Total Checkouts Full call number Barcode Date last seen Date last checked out Price effective from Koha item type
          Non-Fiction KH8 Senior School Library KH8 Senior School Library Non Fiction 2019-09-04 5 158 GOD 3KHSL000101324 2026-04-15 2026-02-05 2019-09-04 Books - Non Ficton

Powered By KH8 IT Dept